00399nam a2200145 a 4500008004100000020001800041050001600059100002000075245007300095250001200168260002700180300002200207350000900229650001500238150824s1993 ||||||||||||||||| || u a9780801664656 aQP 34.5 Phy aBerne, Robert M10aPhysiology. (3rd ed.)cedited by Robert M. Berne and Matthew N. Levy a3rd ed. aSt. LouisbMosbyc1993 axiv, 1071p. :ill. a0.71 aPHYSIOLOGY